01051nam a2200241 a 450000100100000000500170001000800410002704000250006808200200009310000550011324500950016826000410026330000200030450000670032465000280039165000310041970000540045091000370050404900090054195201180055095201240066899900170079200001091920240412074221.0091013s19uu dr 001 p spa d aDO-SdBNPbspacBNPHU aRD861.44bP644v1 aPimentel, Amparo,d1939-q(Mercedes Amparo)92633410aVivencias tuyas y mías /cAmparo Pimentel ; prólogo Ramón Bolívar Bautista Madé. aSanto Domingo :bMediabyte,c[199?]. a83 p. ;c21 cm. aIncluye datos biográficos de la autora en la contracubierta. 0aPoesía dominicana966 0aLiteratura dominicana.96712aBautista Madé, Ramón Bolivar,epról.926335 aValidado. Control de calidad MFF aBNPD 0010718PDaPDbPDcHDd2009-10-13iLF1l0oRD861.44 P644vp10919-10r2020-06-25w2020-06-25yLFPDZNo se presta 0010718PDaPDbPDcHDd2009-10-13iLF1l0oRD861.44 P644vp10919-20r2020-06-25te. 2w2020-06-25yLFPDZNo se presta c10657d10657